Exposição Manuel Teixeira Gomes - O Coleccionador de Pintura (Registo nº 1102)

Detalhes MARC
000 -Etiqueta do registo
Cabeçalho 00900nam0a2200277 i 4500
005 - Identificador da versão
Campo de controlo 20240813121825.0
010 ## - Número internacional normalizado dos livros (ISBN)
Número (ISBN) 9789899501263
021 ## - Número do Depósito Legal
Código do país PT
Número 293946/09
100 ## - Dados gerais de processamento
Dados gerais de processamento 20100503d m y0pory5003 ba
102 ## - Pais de publicação ou produção
País de publicação Portugal
101 0# - Língua de publicação
Língua do texto, banda sonora, etc. Português
Língua do documento no original Português
106 ## - Campo de dados codificados: material textual
Dados codificados do material textual r
105 ## - Campo de dados codificados: livros
Dados codificados dos livros a z 001yy
215 ## - Descrição física 
Indicação específica da natureza do documento e extensão da espécie 63 p.
Outras indicações físicas il.
Dimensões cm
200 1# - Titulo e menção de responsabilidade
Título próprio Exposição Manuel Teixeira Gomes - O Coleccionador de Pintura
Primeira menção de responsabilidade José Gameiro
Outras menções de responsabilidade Manuel da Luz; Pedro Lapa; Rui Afonso; Pedro Branco; Ana Margarida
205 ## - Menção da edição
Menção da edição 1ª ed.
210 ## - Publicação, Distribuição, etc. 
Lugar da edição, distribuição, etc. Portimão
Nome do editor, distribuidor, etc. Câmara Municipal de Portimão - Museu de Portimão
Data da publicação, distribuição, etc. 2009
300 ## - Notas gerais 
Texto da nota Exposição realizada no Museu de Portimão de 17 de Maio ma 30 de Agosto de 2009
675 ## - Classificação Decimal Universal (CDU)
Notação 061.4
Edição BN
Língua da edição por
701 #1 - Nome de autor-pessoa física (co-responsabilidade principal)
Palavra de ordem Luz
Outra parte do nome não tomada para palavra de ordem Manuel da
700 #1 - Nome de autor-pessoa física (responsabilidade principal)
Número de registo de entrada de autoridade 0001492
Palavra de ordem Gameiro
Outra parte do nome não tomada para palavra de ordem José
942 ## - Elementos de entrada adicionados (Koha)
Tipo de item no Koha Livro
Exemplares
Situação do levantamento Origin of item (home branch) (coded) Biblioteca de empréstimo Código de barras Cota Circulation type (not for loan) Tipo de documento Nota do exemplar Damaged status
  Biblioteca Escolar Eng. Nuno Mergulhão Biblioteca Escolar Eng. Nuno Mergulhão BENM1990 061.4   Livro Sem mensagem